| 000 | 00308nam a2200109 4500 | ||
|---|---|---|---|
| 999 |
_c511918 _d511918 |
||
| 082 | _aO91x54 In2w | ||
| 100 |
_aIndia.Ministry of Environment and Forests _912409 |
||
| 245 | _aReport of the High Level Working Group on Western Ghats | ||
| 260 |
_aNew Delhi _bThe author |
||
| 300 | _a143p | ||
| 440 |
_vv.1 _912410 |
||